Sports Teams by Logo - Statistics

General Stats
  • This quiz has been taken 314 times
    241 since last reset
  • The average score is 93 of 124
Answer Stats
Picture Answer % Correct
Bulls
91%
Lakers
89%
Yankees
88%
Chiefs
87%
Dolphins
87%
Eagles
86%
Hornets
86%
Knicks
86%
Celtics
85%
Packers
85%
Panthers
85%
Patriots
85%
Penguins
85%
Sharks
85%
Steelers
85%
Vikings
85%
49ers
83%
Bears
83%
Bills
83%
Blue Jays
83%
Cowboys
83%
Giants
83%
Heat
83%
Jazz
83%
Lions
83%
Raptors
83%
Red Sox
83%
Timberwolves
83%
Warriors
83%
Broncos
82%
Colts
82%
Seahawks
82%
Bengals
81%
Bucks
81%
Cardinals
81%
Falcons
81%
Grizzlies
81%
Jaguars
81%
Nuggets
81%
Raiders
81%
Ravens
81%
Chargers
80%
Pacers
80%
Pistons
80%
Rockets
80%
Saints
80%
Spurs
80%
White Sox
80%
Browns
79%
Bucaneers
79%
Kings
79%
Kings
79%
Maple Leafs
79%
Oilers
79%
Panthers
79%
Rams
79%
Thunder
79%
76ers
78%
Ducks
78%
Suns
78%
Texans
78%
Bruins
77%
Cardinals
77%
Cubs
77%
Devils
77%
Dodgers
77%
Jets
77%
Magic
77%
Titans
77%
Cavaliers
76%
Commanders
76%
Avalanche
75%
Hawks
75%
Angels
74%
Flyers
74%
Lightning
74%
Nets
74%
Pelicans
74%
Stars
74%
Mavericks
73%
Rangers
73%
Red Wings
73%
Jets
72%
Orioles
72%
Royals
72%
Golden Knights
71%
Pirates
71%
Utah Mammoth
71%
Astros
70%
Hurricanes
70%
Kraken
70%
Mariners
70%
Marlins
70%
Trail Blazers
70%
Padres
69%
Wizards
69%
Athletics
68%
Blackhawks
68%
Brewers
68%
Diamondbacks
68%
Flames
68%
Phillies
68%
Wild
68%
Blues
66%
Tigers
66%
Mets
65%
Predators
64%
Reds
64%
Islanders
63%
Nationals
63%
Sabres
63%
Giants
62%
Rays
62%
Kanucks
61%
Rockies
61%
Guardians
60%
Rangers
60%
Senators
60%
Blue Jackets
58%
Braves
56%
Canadiens
56%
Capitals
52%
Twins
52%
Clippers
51%
No matching quizzes found
Score Distribution
Percent of People with Each Score
Percentile by Number Answered
Your Score History
You have not taken this quiz since the last reset